[Event "NED-ch 1979"]
[Site "Leeuwarden"]
[Date "1979.??.??"]
[Round "5"]
[White "Langeweg, Kick"]
[Black "Van der Wiel, John"]
[Result "1/2-1/2"]
[WhiteElo "2440"]
[BlackElo "2200"]
[PlyCount "49"]
[EventDate "1979.??.??"]
[Source "ChessBase"]
[SourceDate "1999.07.01"]

1. d4 Nf6 2. c4 g6 3. Nc3 Bg7 4. e4 d6 5. Be2 O-O 6. Bg5 h6 7. Be3 c5 8. dxc5
Qa5 9. Bd2 Qxc5 10. Nf3 b6 11. Be3 Qc7 12. Nd4 Bb7 13. f3 Nbd7 14. O-O a6 15.
Qd2 Kh7 16. Rac1 e6 17. b3 Rfd8 18. Bd3 Rac8 19. Bb1 Qb8 20. Rfd1 d5 21. cxd5
exd5 22. Nxd5 Nxd5 23. Rxc8 Qxc8 24. exd5 Nc5 25. Ne2 1/2-1/2

[Event "NED-ch 1979"]
[Site "Leeuwarden"]
[Date "1979.??.??"]
[Round "5"]
[White "Sosonko, Gennadi"]
[Black "Van der Weide, Piet"]
[Result "1-0"]
[WhiteElo "2535"]
[BlackElo "2290"]
[PlyCount "55"]
[EventDate "1979.??.??"]
[Source "ChessBase"]
[SourceDate "1999.07.01"]

1. d4 f5 2. Nf3 Nf6 3. g3 d6 4. Bg2 g6 5. O-O Bg7 6. c4 O-O 7. Nc3 c6 8. b3 Na6
9. Bb2 Bd7 10. Re1 Nh5 11. d5 Qa5 12. Qd2 cxd5 13. cxd5 Rac8 14. Rac1 f4 15. e3
fxg3 16. hxg3 Nf6 17. Nd4 Ng4 18. f3 Nf6 19. f4 b5 20. Nc6 Bxc6 21. dxc6 Nb8
22. Red1 Kh8 23. Ne2 Qxd2 24. Rxd2 Ng4 25. Bxg7+ Kxg7 26. Nd4 Kf6 27. c7 Nxe3
28. Bb7 1-0

[Event "NED-ch 1979"]
[Site "Leeuwarden"]
[Date "1979.??.??"]
[Round "5"]
[White "Timman, Jan"]
[Black "Bohm, Hans"]
[Result "1-0"]
[WhiteElo "2625"]
[BlackElo "2410"]
[PlyCount "81"]
[EventDate "1979.??.??"]
[Source "ChessBase"]
[SourceDate "1999.07.01"]

1. c4 c5 2. Nf3 Nf6 3. Nc3 d5 4. cxd5 Nxd5 5. e4 Nb4 6. Bb5+ N8c6 7. d4 cxd4 8.
a3 dxc3 9. Qxd8+ Kxd8 10. axb4 cxb2 11. Bxb2 f6 12. e5 Bd7 13. Bc4 Rc8 14. Rd1
Kc7 15. e6 Be8 16. b5 Na5 17. Be2 Kb8 18. O-O g6 19. Rc1 Bh6 20. Rxc8+ Kxc8 21.
Ba3 Bf8 22. Rc1+ Kb8 23. Nd4 b6 24. f4 h5 25. Rd1 Nb7 26. Bf3 f5 27. Bc6 Bg7
28. Bxe7 a5 29. Nf3 a4 30. Bb4 Bxc6 31. bxc6 Nc5 32. Rd7 Nxe6 33. Re7 Bd4+ 34.
Nxd4 Nxd4 35. Rb7+ Kc8 36. Bd6 Nxc6 37. Rc7+ Kd8 38. Rxc6 Kd7 39. Rxb6 Rc8 40.
Be5 Rc1+ 41. Kf2 1-0

[Event "NED-ch 1979"]
[Site "Leeuwarden"]
[Date "1979.??.??"]
[Round "5"]
[White "Van Dop, Arend"]
[Black "Hartoch, Rob"]
[Result "1/2-1/2"]
[WhiteElo "2300"]
[BlackElo "2395"]
[PlyCount "80"]
[EventDate "1979.??.??"]
[Source "ChessBase"]
[SourceDate "1999.07.01"]

1. Nf3 Nf6 2. g3 d5 3. Bg2 c6 4. b3 Bf5 5. Bb2 h6 6. d3 e6 7. Nbd2 Nbd7 8. O-O
Bh7 9. c4 Be7 10. Qc2 O-O 11. a3 a5 12. Bc3 Qb8 13. Qb2 Bd6 14. e4 e5 15. exd5
cxd5 16. d4 e4 17. Ne5 Re8 18. Nxd7 Nxd7 19. cxd5 b5 20. b4 a4 21. Rfe1 f5 22.
f3 e3 23. Nf1 f4 24. Bh3 Nb6 25. Be6+ Kh8 26. gxf4 Nc4 27. Qg2 Bxf4 28. Ng3 Ra7
29. Nh5 Bd6 30. Ra2 Rf8 31. Kh1 Qe8 32. Ng3 Qe7 33. Ne4 Bf4 34. Rg1 Nd6 35.
Nxd6 Qxd6 36. Qe2 Rc7 37. Be1 Rc4 38. Bg3 Rd8 39. Kg2 Rxd4 40. Qxb5 Bd3 1/2-1/2

[Event "NED-ch 1979"]
[Site "Leeuwarden"]
[Date "1979.??.??"]
[Round "6"]
[White "Bohm, Hans"]
[Black "Donner, Jan Hein"]
[Result "1-0"]
[WhiteElo "2410"]
[BlackElo "2465"]
[PlyCount "63"]
[EventDate "1979.??.??"]
[Source "ChessBase"]
[SourceDate "1999.07.01"]

1. d4 Nf6 2. c4 e6 3. Nc3 Bb4 4. Qc2 O-O 5. Bg5 h6 6. Bh4 c5 7. e3 cxd4 8. exd4
b6 9. Rd1 Bb7 10. a3 Be7 11. Nf3 Bxf3 12. gxf3 Nc6 13. Rg1 Nh5 14. Bg3 Rc8 15.
d5 exd5 16. cxd5 Nb8 17. Qf5 Nxg3 18. Rxg3 Bf6 19. Bd3 Re8+ 20. Kf1 g6 21. Ne4
Bg7 22. Qf4 Be5 23. Qxh6 Bxg3 24. hxg3 Rxe4 25. Bxe4 Qf6 26. Rc1 Re8 27. Qd2 a5
28. b4 axb4 29. axb4 Na6 30. Kg2 Qd6 31. Qd4 Qxb4 32. Qa1 1-0

[Event "NED-ch 1979"]
[Site "Leeuwarden"]
[Date "1979.??.??"]
[Round "6"]
[White "Hofland, Leonard"]
[Black "Baljon, Christofoor"]
[Result "0-1"]
[WhiteElo "2295"]
[BlackElo "2255"]
[PlyCount "50"]
[EventDate "1979.??.??"]
[Source "ChessBase"]
[SourceDate "1999.07.01"]

1. c4 g6 2. e4 Bg7 3. d4 d6 4. Nc3 Nf6 5. Nf3 O-O 6. Be2 e5 7. d5 a5 8. O-O Na6
9. Qc2 Nh5 10. g3 f5 11. exf5 Bxf5 12. Ne4 Nf6 13. Nfd2 Kh8 14. f3 Bh6 15. Bd3
Nb4 16. Qc3 Be3+ 17. Kg2 Qc8 18. Re1 Bxd2 19. Bxd2 Nxd3 20. Qxd3 Nxe4 21. fxe4
Bh3+ 22. Kg1 Qg4 23. Bh6 Rf7 24. Qd2 Rg8 25. Re2 Qh5 0-1

[Event "NED-ch 1979"]
[Site "Leeuwarden"]
[Date "1979.??.??"]
[Round "6"]
[White "Ree, Hans"]
[Black "Van Dop, Arend"]
[Result "1/2-1/2"]
[WhiteElo "2480"]
[BlackElo "2300"]
[PlyCount "74"]
[EventDate "1979.??.??"]
[Source "ChessBase"]
[SourceDate "1999.07.01"]

1. c4 Nf6 2. Nc3 d5 3. cxd5 Nxd5 4. Nf3 g6 5. e4 Nxc3 6. bxc3 Bg7 7. Bb5+ c6 8.
Be2 c5 9. d4 O-O 10. O-O b6 11. Be3 Bb7 12. Qd3 Na6 13. Rad1 Qd7 14. d5 Qa4 15.
Bg5 f6 16. Bh4 Rad8 17. Qb1 Nc7 18. Nd2 Kh8 19. Bg3 Qd7 20. c4 e6 21. Nb3 e5
22. Nxc5 bxc5 23. Qxb7 Rb8 24. Qxa7 Qd6 25. f4 Ra8 26. fxe5 fxe5 27. Rxf8+ Bxf8
28. Qb7 Rxa2 29. Qc8 Kg7 30. Qg4 Be7 31. h4 h5 32. Qf3 Ne8 33. Qc3 Rxe2 34.
Bxe5+ Bf6 35. Bxd6 Bxc3 36. Bxc5 Rxe4 37. d6 Nxd6 1/2-1/2

[Event "NED-ch 1979"]
[Site "Leeuwarden"]
[Date "1979.??.??"]
[Round "6"]
[White "Sosonko, Gennadi"]
[Black "Timman, Jan"]
[Result "1/2-1/2"]
[WhiteElo "2535"]
[BlackElo "2625"]
[PlyCount "37"]
[EventDate "1979.??.??"]
[Source "ChessBase"]
[SourceDate "1999.07.01"]

1. d4 Nf6 2. c4 g6 3. Nc3 d5 4. Nf3 Bg7 5. Qb3 dxc4 6. Qxc4 O-O 7. e4 Bg4 8.
Be3 Nfd7 9. Qb3 Nb6 10. Rd1 Nc6 11. d5 Ne5 12. Be2 Nxf3+ 13. gxf3 Bh5 14. h4
Qc8 15. a4 c6 16. Rc1 Qd8 17. Rd1 Qc8 18. Rc1 Qd8 19. Rd1 1/2-1/2

[Event "NED-ch 1979"]
[Site "Leeuwarden"]
[Date "1979.??.??"]
[Round "6"]
[White "Van der Vliet, Fred"]
[Black "Langeweg, Kick"]
[Result "1/2-1/2"]
[WhiteElo "2365"]
[BlackElo "2440"]
[PlyCount "112"]
[EventDate "1979.??.??"]
[Source "ChessBase"]
[SourceDate "1999.07.01"]

1. d4 Nf6 2. c4 e6 3. g3 d5 4. Bg2 dxc4 5. Qa4+ Nbd7 6. Qxc4 c5 7. Nf3 a6 8.
Qc2 b6 9. O-O Bb7 10. Nc3 Rc8 11. Rd1 cxd4 12. Nxd4 Bxg2 13. Kxg2 b5 14. Qd3
Qb6 15. Nb3 Bb4 16. Be3 Qb7+ 17. Kg1 Ne5 18. Qd4 Nc4 19. a4 e5 20. Qh4 Nxe3 21.
fxe3 Bxc3 22. bxc3 O-O 23. Qb4 Qb6 24. Rd3 Qe6 25. axb5 axb5 26. Nd2 Qc6 27.
Rb1 e4 28. Rd6 Qxc3 29. Qxc3 Rxc3 30. Rb3 Rc5 31. Rd4 Re5 32. Rbb4 Rfe8 33. h3
h5 34. Kg2 g6 35. Kf2 Kg7 36. Kg2 R8e6 37. Kf2 Ra6 38. Nxe4 Rf5+ 39. Kg2 Nxe4
40. Rxe4 Ra2 41. Rf4 Re5 42. Rbe4 Rxe4 43. Rxe4 Rxe2+ 44. Kf3 Re1 45. Re7 b4
46. Rb7 Rb1 47. h4 b3 48. Rb6 Kf8 49. Rb7 Ke8 50. Kg2 b2 51. Kh2 f5 52. Kg2 Kd8
53. Kh2 Kc8 54. Rb5 Kc7 55. Kg2 Kc6 56. Rb8 Kd5 1/2-1/2

[Event "NED-ch 1979"]
[Site "Leeuwarden"]
[Date "1979.??.??"]
[Round "6"]
[White "Van der Weide, Piet"]
[Black "Hartoch, Rob"]
[Result "1/2-1/2"]
[WhiteElo "2290"]
[BlackElo "2395"]
[PlyCount "22"]
[EventDate "1979.??.??"]
[Source "ChessBase"]
[SourceDate "1999.07.01"]

1. e4 d6 2. d4 Nf6 3. Bd3 e5 4. c3 Nc6 5. d5 Ne7 6. c4 g6 7. Nc3 Bg7 8. f3 Nh5
9. Be3 f5 10. Qd2 c5 11. dxc6 bxc6 1/2-1/2

[Event "NED-ch 1979"]
[Site "Leeuwarden"]
[Date "1979.??.??"]
[Round "6"]
[White "Van der Wiel, John"]
[Black "Ligterink, Gert"]
[Result "1/2-1/2"]
[WhiteElo "2200"]
[BlackElo "2440"]
[PlyCount "45"]
[EventDate "1979.??.??"]
[Source "ChessBase"]
[SourceDate "1999.07.01"]

1. e4 c5 2. Nf3 e6 3. d4 cxd4 4. Nxd4 Nc6 5. Nc3 d6 6. Be2 Nf6 7. O-O Be7 8.
Be3 O-O 9. f4 e5 10. fxe5 dxe5 11. Nf5 Bxf5 12. exf5 Qa5 13. Bd3 Rad8 14. Qf3
Nd4 15. Qh3 Qb4 16. Nd1 Qa4 17. c3 Nc6 18. Nf2 Rd7 19. Bg5 Rfd8 20. Bxf6 Bxf6
21. Rfe1 Ne7 22. Qf3 Qc6 23. Qxc6 1/2-1/2

[Event "NED-ch 1979"]
[Site "Leeuwarden"]
[Date "1979.??.??"]
[Round "7"]
[White "Baljon, Christofoor"]
[Black "Bohm, Hans"]
[Result "1-0"]
[WhiteElo "2255"]
[BlackElo "2410"]
[PlyCount "117"]
[EventDate "1979.??.??"]
[Source "ChessBase"]
[SourceDate "1999.07.01"]

1. e4 e6 2. d4 d5 3. e5 c5 4. c3 Nc6 5. Nf3 Qb6 6. Be2 Nh6 7. Bxh6 gxh6 8. Qd2
Bg7 9. O-O O-O 10. Na3 cxd4 11. cxd4 f6 12. exf6 Rxf6 13. Nc2 Bd7 14. b4 Raf8
15. b5 Ne7 16. Ne5 Be8 17. a4 Rf5 18. a5 Qd6 19. f4 h5 20. g3 R5f6 21. Qb4 Nf5
22. Qc5 b6 23. axb6 axb6 24. Qxd6 Nxd6 25. Rfb1 Bg6 26. Rb2 Rc8 27. Nb4 Rf7 28.
Nbc6 Rb7 29. Rba2 Bf6 30. Ra7 Rcc7 31. Rxb7 Rxb7 32. Ra8+ Kg7 33. Nd8 Bxd8 34.
Rxd8 Nf7 35. Rc8 Kf6 36. Rc6 Ke7 37. Nxf7 Bxf7 38. f5 exf5 39. Kf2 Be8 40. Rc8
h4 41. Ke3 hxg3 42. hxg3 Rd7 43. Kf4 Rd6 44. Bd3 Rh6 45. Rc7+ Kd8 46. Rb7 Bd7
47. Bxf5 Bxb5 48. g4 Ba6 49. Rg7 Rh1 50. Ke5 Bb5 51. Kd6 Be8 52. Ra7 Rh6+ 53.
Be6 Bc6 54. g5 Rg6 55. Rxh7 b5 56. Rh6 Be8 57. Rxg6 Bxg6 58. Bxd5 Bd3 59. Bc6
1-0

[Event "NED-ch 1979"]
[Site "Leeuwarden"]
[Date "1979.??.??"]
[Round "7"]
[White "Donner, Jan Hein"]
[Black "Sosonko, Gennadi"]
[Result "1/2-1/2"]
[WhiteElo "2465"]
[BlackElo "2535"]
[PlyCount "35"]
[EventDate "1979.??.??"]
[Source "ChessBase"]
[SourceDate "1999.07.01"]

1. d4 Nf6 2. c4 e6 3. Nc3 Bb4 4. e3 c5 5. Bd3 Nc6 6. Nf3 d5 7. O-O O-O 8. a3
Bxc3 9. bxc3 dxc4 10. Bxc4 Qc7 11. Bd3 e5 12. Qc2 Re8 13. dxe5 Nxe5 14. Nxe5
Qxe5 15. f3 Bd7 16. a4 Rad8 17. Re1 Bc6 18. e4 1/2-1/2

[Event "NED-ch 1979"]
[Site "Leeuwarden"]
[Date "1979.??.??"]
[Round "7"]
[White "Hartoch, Rob"]
[Black "Ree, Hans"]
[Result "1/2-1/2"]
[WhiteElo "2395"]
[BlackElo "2480"]
[PlyCount "37"]
[EventDate "1979.??.??"]
[Source "ChessBase"]
[SourceDate "1999.07.01"]

1. c4 Nf6 2. Nc3 e5 3. Nf3 Nc6 4. e3 Bb4 5. Qc2 d6 6. Be2 O-O 7. O-O Bg4 8. Nd5
Re8 9. d3 Bc5 10. a3 Nxd5 11. cxd5 Ne7 12. b4 Bb6 13. Qc4 Bh5 14. a4 a5 15. Bd2
f6 16. bxa5 Bxa5 17. Bxa5 Rxa5 18. Rfc1 Bf7 19. Qxc7 1/2-1/2

[Event "NED-ch 1979"]
[Site "Leeuwarden"]
[Date "1979.??.??"]
[Round "7"]
[White "Langeweg, Kick"]
[Black "Hofland, Leonard"]
[Result "1/2-1/2"]
[WhiteElo "2440"]
[BlackElo "2295"]
[PlyCount "60"]
[EventDate "1979.??.??"]
[Source "ChessBase"]
[SourceDate "1999.07.01"]

1. d4 Nf6 2. c4 g6 3. Nc3 Bg7 4. e4 d6 5. Be2 O-O 6. Bg5 Nc6 7. d5 Ne5 8. Nf3
h6 9. Bf4 Nfd7 10. Nd4 c5 11. Nc2 g5 12. Be3 Ng6 13. g3 Nf6 14. f4 gxf4 15.
gxf4 b5 16. cxb5 a6 17. Rg1 Kh7 18. bxa6 Bxa6 19. Bxa6 Rxa6 20. Qd3 Qc8 21.
O-O-O Qb7 22. Rg3 Nh5 23. Rg4 c4 24. Qxc4 Rb8 25. Bd4 Bxd4 26. Rxd4 Nhxf4 27.
Kd2 Rc8 28. Qb3 Qd7 29. Ne3 h5 30. Rg3 Ne5 1/2-1/2

[Event "NED-ch 1979"]
[Site "Leeuwarden"]
[Date "1979.??.??"]
[Round "7"]
[White "Ligterink, Gert"]
[Black "Van der Vliet, Fred"]
[Result "1-0"]
[WhiteElo "2440"]
[BlackElo "2365"]
[PlyCount "80"]
[EventDate "1979.??.??"]
[Source "ChessBase"]
[SourceDate "1999.07.01"]

1. e4 c5 2. Nf3 d6 3. d4 Nf6 4. Nc3 cxd4 5. Nxd4 a6 6. Be2 e5 7. Nb3 Be7 8. a4
O-O 9. O-O Be6 10. f4 Qc7 11. f5 Bc4 12. Bg5 Nbd7 13. a5 Rfc8 14. Kh1 d5 15.
exd5 Bb4 16. Ra4 Qd6 17. Bxc4 Rxc4 18. Na2 b5 19. axb6 Nxb6 20. Rxb4 Rxb4 21.
Nxb4 Qxb4 22. Bxf6 gxf6 23. c3 Qa4 24. Nd2 Qxd1 25. Rxd1 Nxd5 26. Ne4 Ne3 27.
Re1 Nxf5 28. Nxf6+ Kg7 29. Nh5+ Kg6 30. Rxe5 Rb8 31. b4 Nd6 32. Nf4+ Kf6 33.
Ra5 Ne4 34. Rxa6+ Kg5 35. Nd5 Rd8 36. Ra5 f5 37. g3 Rc8 38. Ne7 Rxc3 39. Rxf5+
Kh6 40. b5 Rxg3 1-0

[Event "NED-ch 1979"]
[Site "Leeuwarden"]
[Date "1979.??.??"]
[Round "7"]
[White "Timman, Jan"]
[Black "Van der Weide, Piet"]
[Result "1/2-1/2"]
[WhiteElo "2625"]
[BlackElo "2290"]
[PlyCount "143"]
[EventDate "1979.??.??"]
[Source "ChessBase"]
[SourceDate "1999.07.01"]

1. e4 e5 2. Nf3 d6 3. d4 exd4 4. Nxd4 g6 5. c4 Bg7 6. Nc3 Nc6 7. Be3 Nge7 8.
Be2 O-O 9. O-O f5 10. exf5 Nxf5 11. Nxf5 Bxf5 12. Qd2 Qf6 13. Rad1 Qf7 14. Nd5
a6 15. b3 Rad8 16. g4 Be6 17. h3 Rfe8 18. Rfe1 Kh8 19. Kg2 a5 20. f4 a4 21. Bf3
axb3 22. axb3 Ra8 23. Re2 Ra3 24. Rb1 Rf8 25. Rf2 Qd7 26. Qd1 Raa8 27. Re2 Qf7
28. Rf2 Qd7 29. Qd3 Rae8 30. Rd1 Ra8 31. Re1 Rae8 32. Rfe2 Qf7 33. Rf1 Qd7 34.
Qd2 Ra8 35. Bf2 Rae8 36. Rfe1 Bf7 37. Bh4 Bxd5 38. Bxd5 Rxe2+ 39. Rxe2 Re8 40.
Bf2 Re7 41. Qe1 Rxe2 42. Qxe2 Bf6 43. Qf3 Qe8 44. h4 Nd4 45. Qc3 c5 46. Bxb7
Qb8 47. Bd5 Qxb3 48. Qe1 Qb8 49. Qe4 Qc8 50. Kg3 Qd8 51. Bxd4 Bxd4 52. Qe6 Qb8
53. h5 gxh5 54. g5 Qf8 55. f5 h6 56. Qg6 hxg5 57. Qxh5+ Kg7 58. Qg6+ Kh8 59.
Qh5+ Kg7 60. Qg6+ Kh8 61. Kg4 Bf6 62. Be6 Be7 63. Kf3 Bf6 64. Kg3 d5 65. Qh5+
Kg7 66. Bxd5 Qb8+ 67. Kg2 Qb2+ 68. Kh3 Qc3+ 69. Bf3 Kf8 70. Qh6+ Ke7 71. Qh7+
Kd6 72. Qb7 1/2-1/2

[Event "NED-ch 1979"]
[Site "Leeuwarden"]
[Date "1979.??.??"]
[Round "7"]
[White "Van Dop, Arend"]
[Black "Van der Wiel, John"]
[Result "0-1"]
[WhiteElo "2300"]
[BlackElo "2200"]
[PlyCount "66"]
[EventDate "1979.??.??"]
[Source "ChessBase"]
[SourceDate "1999.07.01"]

1. b3 g6 2. Bb2 Nf6 3. g3 Bg7 4. Bg2 d5 5. Nf3 c5 6. c4 d4 7. b4 O-O 8. bxc5
Nc6 9. Na3 Nd7 10. O-O Nxc5 11. d3 e5 12. Nc2 Na4 13. Rb1 Nxb2 14. Rxb2 Qe7 15.
Nd2 h5 16. Qb1 Bh6 17. Ne1 h4 18. Nef3 hxg3 19. hxg3 Kg7 20. Qc2 g5 21. Rfb1 g4
22. Nh2 a5 23. Qd1 Rh8 24. Ndf1 Ra6 25. e3 Qd7 26. Rb5 dxe3 27. Nxe3 Bxe3 28.
fxe3 Qd6 29. Rxb7 Rxh2 30. Kxh2 Qh6+ 31. Kg1 Qxe3+ 32. Kh2 Nb4 33. Rxf7+ Kxf7
0-1

[Event "NED-ch 1979"]
[Site "Leeuwarden"]
[Date "1979.??.??"]
[Round "8"]
[White "Bohm, Hans"]
[Black "Langeweg, Kick"]
[Result "1/2-1/2"]
[WhiteElo "2410"]
[BlackElo "2440"]
[PlyCount "82"]
[EventDate "1979.??.??"]
[Source "ChessBase"]
[SourceDate "1999.07.01"]

1. Nf3 c5 2. c4 Nf6 3. Nc3 d5 4. cxd5 Nxd5 5. e4 Nb4 6. Bb5+ N8c6 7. d4 cxd4 8.
a3 dxc3 9. Qxd8+ Kxd8 10. axb4 c2 11. Bxc6 bxc6 12. Ne5 Ke8 13. Nxc6 Bb7 14. b5
a6 15. f3 e6 16. Be3 Bd6 17. Kd2 f5 18. exf5 exf5 19. Na7 Kf7 20. bxa6 Bd5 21.
Nb5 Bb4+ 22. Kxc2 Rhe8 23. Bd2 Re2 24. Nc3 Bxc3 25. bxc3 Rxg2 26. Rhg1 Rxg1 27.
Rxg1 Rxa6 28. Rf1 Ra4 29. Rf2 g5 30. f4 g4 31. Be3 h5 32. Rd2 Ke6 33. Kd1 Bf3+
34. Kc2 Re4 35. Kd3 Ra4 36. c4 Ra3+ 37. Kd4 Be4 38. Bf2 Kd6 39. c5+ Ke6 40. Rb2
Rd3+ 41. Kc4 Rh3 1/2-1/2

[Event "NED-ch 1979"]
[Site "Leeuwarden"]
[Date "1979.??.??"]
[Round "8"]
[White "Hofland, Leonard"]
[Black "Ligterink, Gert"]
[Result "1/2-1/2"]
[WhiteElo "2295"]
[BlackElo "2440"]
[PlyCount "70"]
[EventDate "1979.??.??"]
[Source "ChessBase"]
[SourceDate "1999.07.01"]

1. c4 Nf6 2. d4 e6 3. g3 c5 4. d5 exd5 5. cxd5 d6 6. Nc3 g6 7. Bg2 Bg7 8. Nf3
O-O 9. O-O a6 10. a4 Nbd7 11. Nd2 Re8 12. Nc4 Nb6 13. Nxb6 Qxb6 14. a5 Qc7 15.
Bd2 Bd7 16. h3 b5 17. axb6 Qxb6 18. Qc2 Bb5 19. Be3 Nd7 20. Ra2 Bc4 21. Ra3
Rab8 22. Rb1 Bb3 23. Qd3 Ne5 24. Qxa6 Nc4 25. Qxb6 Rxb6 26. Ra7 Nxe3 27. fxe3
Bxc3 28. bxc3 Rxe3 29. Rf1 Rxe2 30. Ra8+ Kg7 31. Ra7 Kh6 32. Rf4 Bc2 33. Rh4+
Kg7 34. Rf4 Rb1+ 35. Bf1 Be4 1/2-1/2

[Event "NED-ch 1979"]
[Site "Leeuwarden"]
[Date "1979.??.??"]
[Round "8"]
[White "Sosonko, Gennadi"]
[Black "Baljon, Christofoor"]
[Result "1/2-1/2"]
[WhiteElo "2535"]
[BlackElo "2255"]
[PlyCount "46"]
[EventDate "1979.??.??"]
[Source "ChessBase"]
[SourceDate "1999.07.01"]

1. d4 Nf6 2. c4 g6 3. Nc3 Bg7 4. e4 O-O 5. Nf3 d6 6. Be2 e5 7. O-O Nc6 8. d5
Ne7 9. b4 Nh5 10. g3 f5 11. Ng5 Nf6 12. f3 a5 13. b5 b6 14. Be3 Nh5 15. Bf2 Bf6
16. Qd2 f4 17. Ne6 Bxe6 18. dxe6 Ng7 19. c5 dxc5 20. Rad1 Qxd2 21. Rxd2 Nc8 22.
Rd7 Kh8 23. Rxc7 Nxe6 1/2-1/2

[Event "NED-ch 1979"]
[Site "Leeuwarden"]
[Date "1979.??.??"]
[Round "8"]
[White "Timman, Jan"]
[Black "Donner, Jan Hein"]
[Result "1/2-1/2"]
[WhiteElo "2625"]
[BlackElo "2465"]
[PlyCount "64"]
[EventDate "1979.??.??"]
[Source "ChessBase"]
[SourceDate "1999.07.01"]

1. e4 d6 2. d4 Nf6 3. Nc3 g6 4. f4 Bg7 5. Nf3 O-O 6. Bd3 Nc6 7. e5 dxe5 8. fxe5
Ng4 9. Be4 f6 10. h3 Nh6 11. exf6 exf6 12. Bf4 Ne7 13. Qd2 Nhf5 14. O-O-O Nd6
15. d5 Nxe4 16. Nxe4 c6 17. d6 Nd5 18. Bh6 Bxh6 19. Qxh6 Bf5 20. Ng3 Bxc2 21.
Kxc2 Qxd6 22. Ne4 Qe6 23. Rhe1 Nb4+ 24. Kc1 Qxa2 25. Nc3 Qa1+ 26. Nb1 Qa4 27.
Na3 Na2+ 28. Kb1 Nc3+ 29. bxc3 Qb3+ 30. Kc1 Qxa3+ 31. Kc2 Qa2+ 32. Kc1 Qa3+
1/2-1/2

[Event "NED-ch 1979"]
[Site "Leeuwarden"]
[Date "1979.??.??"]
[Round "8"]
[White "Van der Vliet, Fred"]
[Black "Van Dop, Arend"]
[Result "1/2-1/2"]
[WhiteElo "2365"]
[BlackElo "2300"]
[PlyCount "35"]
[EventDate "1979.??.??"]
[Source "ChessBase"]
[SourceDate "1999.07.01"]

1. Nf3 Nf6 2. g3 g6 3. Bg2 Bg7 4. O-O O-O 5. d4 d5 6. c4 dxc4 7. Na3 c3 8. bxc3
c5 9. Ne5 Nfd7 10. Nxd7 Qxd7 11. dxc5 Qc7 12. Be3 Nc6 13. Rb1 Qa5 14. Qc1 Rd8
15. Nb5 Bf5 16. Rb2 Rac8 17. Nd4 Nxd4 18. cxd4 1/2-1/2

[Event "NED-ch 1979"]
[Site "Leeuwarden"]
[Date "1979.??.??"]
[Round "8"]
[White "Van der Weide, Piet"]
[Black "Ree, Hans"]
[Result "0-1"]
[WhiteElo "2290"]
[BlackElo "2480"]
[PlyCount "66"]
[EventDate "1979.??.??"]
[Source "ChessBase"]
[SourceDate "1999.07.01"]

1. e4 c5 2. Nf3 e6 3. c3 d5 4. exd5 Qxd5 5. d4 Nf6 6. Bd3 Be7 7. dxc5 Qxc5 8.
O-O O-O 9. Qe2 Nc6 10. Bg5 h6 11. b4 Qd6 12. Bh4 Nd5 13. Bxe7 Qxe7 14. Be4 Nf6
15. Bc2 Qc7 16. Na3 Bd7 17. Rac1 a5 18. b5 Ne7 19. c4 b6 20. Nb1 Rac8 21. Nbd2
Rfd8 22. Ne5 Be8 23. Ndf3 Rd6 24. Bb1 Bxb5 25. g4 Bc6 26. g5 Bxf3 27. Nxf3 hxg5
28. Nxg5 Rd4 29. h3 Qf4 30. Nxe6 fxe6 31. Qxe6+ Kf8 32. Qxb6 Ng4 33. hxg4 Qxg4+
0-1

[Event "NED-ch 1979"]
[Site "Leeuwarden"]
[Date "1979.??.??"]
[Round "8"]
[White "Van der Wiel, John"]
[Black "Hartoch, Rob"]
[Result "1/2-1/2"]
[WhiteElo "2200"]
[BlackElo "2395"]
[PlyCount "32"]
[EventDate "1979.??.??"]
[Source "ChessBase"]
[SourceDate "1999.07.01"]

1. e4 d6 2. d4 Nf6 3. Nc3 g6 4. f4 Bg7 5. Nf3 O-O 6. Bd3 Nc6 7. O-O e5 8. dxe5
dxe5 9. f5 Nb4 10. Bg5 Nxd3 11. cxd3 h6 12. Bh4 gxf5 13. Kh1 Qd6 14. exf5 Bxf5
15. Bxf6 Qxf6 16. Nh4 Qxh4 1/2-1/2

[Event "NED-ch 1979"]
[Site "Leeuwarden"]
[Date "1979.??.??"]
[Round "9"]
[White "Baljon, Christofoor"]
[Black "Timman, Jan"]
[Result "1/2-1/2"]
[WhiteElo "2255"]
[BlackElo "2625"]
[PlyCount "46"]
[EventDate "1979.??.??"]
[Source "ChessBase"]
[SourceDate "1999.07.01"]

1. e4 c6 2. d4 d5 3. e5 Bf5 4. c4 e6 5. Nc3 Nd7 6. cxd5 cxd5 7. Nf3 Ne7 8. Bg5
a6 9. Bd3 Bxd3 10. Qxd3 h6 11. Bxe7 Bxe7 12. O-O O-O 13. Nd2 Qb6 14. f4 Rac8
15. Rab1 f5 16. exf6 Bxf6 17. Nf3 Rc4 18. Ne2 Rfc8 19. Kh1 Qb5 20. Nc3 Qb6 21.
Ne2 Qb5 22. Nc3 Qb6 23. Ne2 Qb5 1/2-1/2

[Event "NED-ch 1979"]
[Site "Leeuwarden"]
[Date "1979.??.??"]
[Round "9"]
[White "Donner, Jan Hein"]
[Black "Van der Weide, Piet"]
[Result "1-0"]
[WhiteElo "2465"]
[BlackElo "2290"]
[PlyCount "69"]
[EventDate "1979.??.??"]
[Source "ChessBase"]
[SourceDate "1999.07.01"]

1. d4 d5 2. c4 e6 3. Nc3 Nf6 4. cxd5 exd5 5. Bg5 Nbd7 6. e3 Be7 7. Bd3 O-O 8.
Nf3 c6 9. Qc2 Re8 10. O-O Nf8 11. Rab1 a5 12. a3 Bd6 13. Rfc1 Ng6 14. b4 axb4
15. axb4 h6 16. Bxf6 Qxf6 17. b5 Bg4 18. Nd2 Nh4 19. g3 Nf5 20. bxc6 bxc6 21.
Rb6 Rec8 22. Ba6 Qg5 23. Bxc8 Rxc8 24. Nxd5 Nxg3 25. hxg3 Bxg3 26. fxg3 cxd5
27. Qxc8+ Bxc8 28. Rxc8+ Kh7 29. Nf1 h5 30. Rbb8 Kg6 31. Rb7 h4 32. Rcc7 h3 33.
Rxf7 Kh6 34. Rxg7 h2+ 35. Kh1 1-0

[Event "NED-ch 1979"]
[Site "Leeuwarden"]
[Date "1979.??.??"]
[Round "9"]
[White "Hartoch, Rob"]
[Black "Van der Vliet, Fred"]
[Result "1/2-1/2"]
[WhiteElo "2395"]
[BlackElo "2365"]
[PlyCount "28"]
[EventDate "1979.??.??"]
[Source "ChessBase"]
[SourceDate "1999.07.01"]

1. d4 d5 2. c4 dxc4 3. Nf3 Nf6 4. e3 Bg4 5. Bxc4 e6 6. h3 Bh5 7. O-O Nbd7 8. b3
Bd6 9. Bb2 O-O 10. Be2 Qe7 11. Nbd2 Ba3 12. Bxa3 Qxa3 13. Nc4 Qe7 14. Nfe5 Bxe2
1/2-1/2

[Event "NED-ch 1979"]
[Site "Leeuwarden"]
[Date "1979.??.??"]
[Round "9"]
[White "Langeweg, Kick"]
[Black "Sosonko, Gennadi"]
[Result "1/2-1/2"]
[WhiteElo "2440"]
[BlackElo "2535"]
[PlyCount "27"]
[EventDate "1979.??.??"]
[Source "ChessBase"]
[SourceDate "1999.07.01"]

1. d4 Nf6 2. c4 e6 3. Nf3 b6 4. g3 Ba6 5. Qa4 c5 6. Bg2 Bb7 7. O-O cxd4 8. Nxd4
Bxg2 9. Kxg2 Qc8 10. Nc3 Nc6 11. Nxc6 Qxc6+ 12. Qxc6 dxc6 13. Rd1 Bb4 14. Bd2
1/2-1/2

[Event "NED-ch 1979"]
[Site "Leeuwarden"]
[Date "1979.??.??"]
[Round "9"]
[White "Ligterink, Gert"]
[Black "Bohm, Hans"]
[Result "1-0"]
[WhiteElo "2440"]
[BlackElo "2410"]
[PlyCount "45"]
[EventDate "1979.??.??"]
[Source "ChessBase"]
[SourceDate "1999.07.01"]

1. e4 e5 2. Nf3 Nc6 3. Bb5 Nge7 4. c3 a6 5. Ba4 d6 6. d4 Bd7 7. Bb3 h6 8. Nh4
Na5 9. Bc2 g5 10. Nf5 Nxf5 11. exf5 Qf6 12. O-O exd4 13. Re1+ Be7 14. cxd4 d5
15. Bd2 Nc4 16. Bb4 Nd6 17. Nc3 c6 18. Qe2 Nc8 19. Na4 Kd8 20. Ba5+ Ke8 21. Bc7
Nd6 22. Qxe7+ Qxe7 23. Bxd6 1-0